Recyklácia elektrárenských popolovín

Podrobná bibliografia
Hlavný autor: Bagin, Jozef (Autor)
Médium: Článok
Jazyk:slovenčina
Fyzický popis:Tab.
ISBN:8022709689
Predmet:

MARC

LEADER 00000nab a2200000 a 4500
001 vtls000832028
003 SK-MaSNL
005 20260302162228.0
008 161006c1997 xo 0 slo
015 |a SNBRA2003/04-12207 
035 |a CLN000183683 
040 |a SNKBUCL  |b slo  |c SNKBUCL  |e AACR2 
041 0 |a slo 
044 |a xo  |c SK 
080 |a 628.477.7  |2 1997 
080 |a 662.613.11  |2 1997 
080 |a 621.311.22  |2 1997 
100 1 |a Bagin, Jozef  |4 aut  |9 357198 
245 1 0 |a Recyklácia elektrárenských popolovín  |c Jozef Bagin 
300 |b Tab. 
500 |a Pozn. pod čiarou 
504 |a Res. angl. 
504 |a Bibliogr. odkazy 
650 0 7 |a popoloviny elektrárenské  |x recyklácia  |2 snkbucl  |9 861533 
650 0 7 |a recyklácia odpadu  |2 snkbucl  |9 29450 
655 7 |a články zo zborníkov  |2 snkbucl  |9 166140 
773 0 |z 8022709689  |t Technika ochrany prostredia  |d Bratislava : Slovenská technická univerzita, 1997  |g S. 55-61 
850 |a Slovenská národná knižnica v Martine 
852 |a SNK  |b KIS3GCP 
958 |a SK 
958 |a NB 
999 |c 1379549  |d 1381479